Statistiques concernant Culture Générale - Série 1343

Cliquez ici pour prendre le quiz!

Statistiques générales

  • Ce quiz a été pris 68 fois
  • Le résultat moyen est 4 sur 10

Statistiques - réponses

QuestionRéponse% Correct
Quel genre littéraire a rendu célèbres Ésope et La Fontaine ?fable
86%
Quelle est la troisième religion dite "du Livre", avec l'islam et le christianisme ?judaïsme
76%
Que tire-t-on du jeu, dans l'expression signifiant : "se tirer adroitement d'une affaire délicate" ?son épingle
63%
En 1965, quel chanteur interprète “Les Marionnettes” ?Christophe
52%
Depuis 1964, dans quelle ville la flamme olympique est-elle systématiquement allumée ?Olympie
44%
Quelle machine, désignée par le nom de son inventeur, sert à couper le papier en feuilles ?massicot
40%
En janvier 2003, quelle ville française a inauguré une rue Hergé ?Angoulême
25%
En juin 1990, quelle joueuse de tennis remporte le tournoi de Roland-Garros simple dames, en battant Steffi Graf en finale ?Monica Seles
21%
Quel écrivain est l'auteur de la pièce de théâtre “Caligula”, en 1945 ?Albert Camus
19%
Quel homme politique est ministre de l'Éducation nationale, de 1997 à 2000 ?Claude Allègre
13%

Distribution des résultats

Percentile par nombre de réponses

% des personnes avec chaque résultat

Votre développement - résultats

Vous n’avez pas pris ce quiz